| 000 | 00696nam a2200229Ia 4500 | ||
|---|---|---|---|
| 003 | OSt | ||
| 005 | 20220923214812.0 | ||
| 006 | a|||||r|||| 00| 0 | ||
| 007 | ta | ||
| 008 | 220922b |||||||| |||| 00| 0 hin d | ||
| 024 | _a172,990 | ||
| 037 | _cTextual | ||
| 040 |
_aARTS _cARTS _bhin |
||
| 041 |
_2hin _ahin |
||
| 082 | _aO152:6N07:9, K8 | ||
| 100 | _aराजगोपाल, माधवी | ||
| 245 | 0 | _aमहादेवी और उनकी गद्य रचनाएं | |
| 246 | _ahinādevī aur unakī gadya rachanāean | ||
| 260 | _c1968 | ||
| 942 |
_hO152:6N07:9, K8 _cTEXL _2CC |
||
| 999 |
_c326897 _d326897 |
||